Measure for measure (Record no. 84553)

MARC details
000 -LEADER
fixed length control field 00791cad a22002295a 4500
001 - CONTROL NUMBER
control field L158302
008 - FIXED-LENGTH DATA ELEMENTS--GENERAL INFORMATION
fixed length control field 121219e2014 xxk 000 0 eng d
035 ## - SYSTEM CONTROL NUMBER
System control number (Sirsi) u158302
041 0# - LANGUAGE CODE
Language code of text/sound track or separate title eng
100 1# - MAIN ENTRY--PERSONAL NAME
Personal name Aronsohn
245 00 - TITLE STATEMENT
Title Measure for measure
260 ## - PUBLICATION, DISTRIBUTION, ETC.
Date of publication, distribution, etc. 2014
490 ## - SERIES STATEMENT
Series statement RICS Property Journal
Volume/sequential designation December 2014-January 2015, 14-15(2)
520 ## - SUMMARY, ETC.
Summary, etc. Provides more details on the IPMS for Offices and how these differ from the Code of Measuring Practice. IPMS Coalition website www.ipmsc.org
650 24 - SUBJECT ADDED ENTRY--TOPICAL TERM
Topical term or geographic name entry element International Property Measurement Standards
650 24 - SUBJECT ADDED ENTRY--TOPICAL TERM
Topical term or geographic name entry element RICS CODE OF MEASURING PRACTICE
651 #4 - SUBJECT ADDED ENTRY--GEOGRAPHIC NAME
Geographic name United Kingdom
690 ## - LOCAL SUBJECT ADDED ENTRY--TOPICAL TERM (OCLC, RLIN)
Topical term or geographic name as entry element Measurement
9 (RLIN) 6256
700 1# - ADDED ENTRY--PERSONAL NAME
Personal name Ticleanu, Cosmin Dr
710 ## - ADDED ENTRY--CORPORATE NAME
Corporate name or jurisdiction name as entry element Royal Institution of Chartered Surveyors
9 (RLIN) 4900
942 ## - ADDED ENTRY ELEMENTS (KOHA)
Suppress in OPAC 0
Source of classification or shelving scheme Dewey Decimal Classification
Holdings
Withdrawn status Lost status Source of classification or shelving scheme Damaged status Not for loan Home library Current library Shelving location Date acquired Total Checkouts Full call number Barcode Date last seen Copy number Price effective from Koha item type
    Dewey Decimal Classification     London London Journal article 03/12/2014   L158302 158302-1001 06/08/2019 1 06/08/2019 Journal article